000
00303nam a2200133Ia 4500
008
220216s9999 xx 000 0 und d
100
_a
Jacob J
245
0
_a
Rubber krishi aadayakaramakkan
260
_b
Rubber
_c
2020
300
_a
9-Jul
650
_a
Rubber price
700
_a
Chandy B
942
_c
BS
999
_c
49770
_d
49770